000 00913nam a22003017a 4500
001 0009663
003 KOHA_MİRAKIL
005 20260207001717.0
007 ta
008 091022b1986 tu |||gr||||#||||0|tur |
020 _c0,01
040 _aTR-BiSEU
_btur
_cTR-BiSEU
_erda
041 0 _atur
044 _ctu
050 _aHN18
_b.S67 1986
245 0 _aSosyal siyasetimizde yeni boyutlar.
264 1 _aİstanbul :
_bTürk Dünyası Araştırmaları Vakfı
_c1986
300 _aVIII, 189 sayfa
336 _ametin
_btxt
_2rdacontent
337 _aaracısız
_bn
_2rdamedia
338 _acilt
_bnc
_2rdacarrier
490 1 _aTürk Dünyası Araştırmaları Vakfı yayını ;
_v19.
490 1 _aKUTYAY yayınları ;
_v5.
650 0 _aSosyal politika.
_913138
830 1 _aTürk Dünyası Araştırmaları Vakfı yayını ;
_v19.
_911335
830 1 _aKUTYAY yayınları ;
_v5.
_923886
942 _2lcc
_cBK
999 _c9635
_d9635